| 000 | 00681nam a2200253 a 4500 | ||
|---|---|---|---|
| 003 | AR-BaBNM | ||
| 005 | 20251128204605.0 | ||
| 008 | 082120s2002 ||||||||||||||000 | spa|| | ||
| 020 | _a84-7046-349-7 | ||
| 040 | _cAR-BaBNM | ||
| 100 | 1 | _aZelarayán, Ricardo | |
| 245 | 0 | 0 |
_aFantaseando _bapto para todos los públicos |
| 260 |
_aBuenos Aires _bCincel _bKapelusz _c1984 |
||
| 300 |
_a32 p. _bil. |
||
| 490 | 0 |
_aLa manzana viajera _vv. 6 |
|
| 650 | 4 | _aLITERATURA INFANTIL | |
| 650 | 4 | _aLIBROS PARA NIÑOS | |
| 650 | 4 | _aCUENTOS DE AVENTURAS | |
| 653 | _aCUENTO FANTASTICO | ||
| 655 | _aLITERATURA | ||
| 700 | 1 |
_aUhaldo, Leticia _eilustrador |
|
| 942 | _cBK | ||
| 998 | _cLAURA | ||
| 999 |
_c8053 _d8053 |
||